| Tag |
First Indicator |
Second Indicator |
Subfields |
| LEADER |
00000cam a2200000 4500 |
| 001 |
in00000055743 |
| 005 |
20151008052309.0 |
| 008 |
740130s1962 nyua 00000 eng |
| 010 |
|
|
|a 62014592
|
| 035 |
|
|
|a (OCoLC)00785599
|
| 035 |
|
|
|9 AAH2685AM
|
| 040 |
|
|
|a DLC
|c CSU
|d TXA
|d UtOrBLW
|
| 049 |
|
|
|a TXAM
|c [360286]
|
| 050 |
|
0 |
|a LC243.G4
|b F6
|
| 082 |
1 |
|
|a 378.32
|
| 092 |
|
|
|a 378.32
|b F748a, 1962
|
| 100 |
1 |
|
|a Fosdick, Raymond B.
|q (Raymond Blaine),
|d 1883-1972.
|
| 245 |
1 |
0 |
|a Adventure in giving ;
|b the story of the General Education Board, a foundation established by John D. Rockefeller.
|
| 250 |
|
|
|a [1st ed.].
|
| 264 |
|
1 |
|a New York :
|b Harper & Row,
|c [1962]
|
| 300 |
|
|
|a 369p :
|b illustrations ;
|c 25cm.
|
| 336 |
|
|
|a text
|b txt
|2 rdacontent
|
| 337 |
|
|
|a unmediated
|b n
|2 rdamedia
|
| 338 |
|
|
|a volume
|b nc
|2 rdacarrier
|
| 610 |
2 |
0 |
|a General Education Board
|x History.
|
| 999 |
|
|
|a MARS
|
| 999 |
f |
f |
|s e83d3587-426a-305c-9501-f714aa444d07
|i 37b53673-9007-307b-82c5-7fdafbc0bb38
|t 0
|
| 952 |
f |
f |
|p normal
|a Texas A&M University
|b College Station
|c Sterling C. Evans Library
|s Evans stk
|d Evans: Library Stacks
|t 0
|e LC243.G4 F6
|h Library of Congress classification
|i unmediated -- volume
|m A14800863154
|
| 998 |
f |
f |
|a LC243.G4 F6
|t 0
|l Evans: Library Stacks
|